000 01517 a2200313 4500
003 OSt
005 20230613094021.0
008 230303s2014 sp a||||r|||| 001 0 spa d
020 _a9788484766988 (volumen 1)
020 _a9788484765462 (volumen 2)
020 _a9788484767022 (volumen 3)
020 _a9788484766995 (volumen 4)
040 _cCHAP
082 0 0 _22022
_a363.728
_bD27
245 0 0 _aDe residuo a recurso. El camino hacia la sostenibilidad :
_b l. Recursos orgánicos /
_ccoodinadora Ma. del Carmen Vargas García ...[ y otros tres].
264 1 _aMadrid :
_bRed española de compostaje :
_bMundi-Prensa,
_c2014.
300 _aVolúmenes :
_btablas, figuras.
490 1 _aDe residuo a recurso.
504 _aIncluye bibliografía e índice.
505 _gLa biblioteca tiene: v.1. Residuos agrícolas / coordinador Ma. del Carmen Vargas García. -- v.2. Residuos Ganaderos / coordinador Mercedes Sánchez Báscones. -- v.3. Residuos agroalimentarios. / coordinador José Luis García Morales. -- v.4. Residuos urbanos / coordinador Antoni Sánchez Ferrer.
650 4 _9187393
_aResiduos orgánicos
_xAspectos ambientales
650 4 _9147928
_aTratamiento de desechos
650 4 _910760
_aBasura
_xReciclaje
650 4 _9187394
_aResiduos ganaderos
_xTratamiento
650 4 _926105
_aCompost
700 1 _9187392
_aVargas García, Ma. del Carmen
_eCoordinadora.
830 0 _9186953
_aDe residuo a recurso.
_pEl camino hacia la sostenibilidad.
_vI. Recursos orgánicos.
942 _c1
_2ddc
999 _c218491
_d218491